[Event "TCh-AUT 2 West 2012-13"]
[Site "Salzburg AUT"]
[Date "2013.03.10"]
[Round "11.4"]
[White "Tabernig,B"]
[Black "Herbrechtsmeier,C"]
[Result "1/2-1/2"]
[WhiteElo "2327"]
[BlackElo "2291"]

1.d4 Nf6 2.c4 g6 3.Nc3 d5 4.cxd5 Nxd5 5.e4 Nxc3 6.bxc3 Bg7 7.Be3 Qd7 8.Qd2 b6
9.Bh6 O-O 10.Bxg7 Kxg7 11.Qe3 Ba6 12.Bxa6 Nxa6 13.Nf3 f6 14.a4 c5 15.d5 c4
16.h4 Nc5 17.h5 g5 18.h6+ Kg6 19.Qe2 e6 20.Nd4 Kf7 21.dxe6+ Nxe6 22.Qxc4 Rac8
23.Qb3 Rfe8 24.Rd1 Kg6 25.Nb5 Qc6 26.O-O Nc5 27.Qb1 Rcd8 28.Rd4 Kxh6 29.Nxa7 Qb7
30.Nb5 Rxd4 31.cxd4 Nxe4 32.Qb4 Qb8 33.Re1 Qf4 34.f3 Nd6 35.Rxe8 Nxe8 36.Qf8+ Ng7
37.Qd6 Nh5 38.Qxf4 Nxf4 39.Nc3 Kg6 40.g3 Ne6 41.d5 Nd4 42.Kf2 h5 43.d6 Kf7
44.Nd5 Ke6 45.d7 Kxd7 46.Nxf6+ Ke6 47.Nxh5 Nb3 48.g4 Nc5 49.Ng3 Ke5 50.Ke3 Nxa4
51.Ne4 Nb2 52.Nxg5 Nd1+ 53.Kd2 Nf2 54.Ke3 Nd1+ 55.Kd2 Nf2 56.Nf7+ Kf4 57.g5 Kf5
58.Kc3  1/2-1/2

[Event "Karpos Open 2013"]
[Site "Skopje MKD"]
[Date "2013.03.10"]
[Round "2.23"]
[White "Posedaru,B"]
[Black "Golod,V"]
[Result "0-1"]
[WhiteElo "2337"]
[BlackElo "2564"]

1.d4 Nf6 2.c4 g6 3.Nc3 d5 4.cxd5 Nxd5 5.e4 Nxc3 6.bxc3 Bg7 7.Bb5+ c6 8.Ba4 O-O
9.Ne2 b5 10.Bb3 Bb7 11.Ba3 Nd7 12.O-O c5 13.dxc5 Qc8 14.Bd5 Nf6 15.Bxb7 Qxb7
16.f3 Rfc8 17.Kh1 Nd7 18.Qd5 Qxd5 19.exd5 Nxc5 20.Nd4 e6 21.Bxc5 Rxc5 22.dxe6 a6
23.Rac1 Rac8 24.Rfd1 Bxd4 25.exf7+ Kxf7 26.Rxd4 Rxc3 27.Rxc3 Rxc3 28.h3 Rc2
29.a4 Rc4 30.Rd7+ Ke6 31.Rxh7 Rxa4 32.Kg1 b4 33.Rb7 Kd5 34.Kf2 Kc4 35.Ke3 b3
36.Rc7+ Kb4 37.Rb7+ Kc3  0-1

[Event "UTD Turner GM Invitational 2013"]
[Site "Richardson USA"]
[Date "2013.03.11"]
[Round "6"]
[White "Arvind,C"]
[Black "Flores Rios,M"]
[Result "1/2-1/2"]
[WhiteElo "2279"]
[BlackElo "2481"]

1.d4 Nf6 2.c4 g6 3.Nc3 d5 4.cxd5 Nxd5 5.e4 Nxc3 6.bxc3 Bg7 7.Be3 c5 8.Qd2 cxd4
9.cxd4 Nc6 10.Rd1 Qa5 11.Nf3 Qxd2+ 12.Rxd2 Bd7 13.Be2 Rc8 14.O-O Na5 15.Rb2 b6
16.Ba6 Rc6 17.Rc1 Rxc1+ 18.Bxc1 Nc6 19.Be3 e6 20.Rb1 Nb8 21.Bb7 Bc6 22.Bxc6+ Nxc6
23.Kf1 Kd7 24.Ke2 h6 25.h4 Rd8 26.g3 Kc7 27.Rd1 Kb7 28.Rd2 Rd7 29.Rd1 f5
30.e5 Nb4 31.Bd2 Nc6 32.Bc3 Rd5 33.Ne1 Rd7 34.Nc2 Ne7  1/2-1/2

[Event "UTD Turner GM Invitational 2013"]
[Site "Richardson USA"]
[Date "2013.03.11"]
[Round "7"]
[White "Macieja,B"]
[Black "Pavlovic,MilosM"]
[Result "1/2-1/2"]
[WhiteElo "2630"]
[BlackElo "2482"]

1.d4 Nf6 2.c4 g6 3.Nc3 d5 4.cxd5 Nxd5 5.e4 Nxc3 6.bxc3 Bg7 7.Bg5 c5 8.Rc1 O-O
9.Nf3 Bg4 10.d5 Qd6 11.Be2 Nd7 12.O-O e6 13.dxe6 Qxe6 14.Nd4 Qe5 15.f4 Bxe2
16.Qxe2 Qb8 17.Nb5 a6 18.Rcd1 axb5 19.Rxd7 Qc8 20.Qxb5 Rxa2 21.e5 Rb2 22.Qd3 Qc6
23.Qd5 Qxd5 24.Rxd5 Ra8 25.Rd8+ Rxd8 26.Bxd8 Rd2 27.Bc7 f6 28.e6 Re2 29.f5 gxf5
30.Rxf5 Rxe6 31.Rxc5 Rc6 32.Rxc6 bxc6  1/2-1/2

[Event "13th European Seniors"]
[Site "Plovdiv BUL"]
[Date "2013.03.12"]
[Round "2"]
[White "Harestad,T"]
[Black "Tseitlin,Ma"]
[Result "0-1"]
[WhiteElo "2207"]
[BlackElo "2380"]

1.d4 Nf6 2.c4 g6 3.Nc3 d5 4.cxd5 Nxd5 5.e4 Nxc3 6.bxc3 Bg7 7.Be3 c5 8.Bc4 Nc6
9.Ne2 O-O 10.O-O Bg4 11.f3 Bd7 12.Qd2 Qa5 13.Rfd1 Rac8 14.Kf2 cxd4 15.cxd4 Qxd2
16.Rxd2 Na5 17.Bd3 Nc4 18.Bxc4 Rxc4 19.Rc1 Rxc1 20.Nxc1 f5 21.exf5 gxf5 22.Nd3 Bb5
23.Nf4 Rc8 24.Ne6 Bf6 25.d5 Bc3 26.Rd1 Be5 27.Rd2 a5 28.Bd4 Bd6 29.f4 Bb4
30.Rd1 Rc2+ 31.Kg3 Be2 32.Rb1 Bc4 33.a3 Ba2 34.Rb2 Be1+ 35.Kh3 Rxb2 36.Bxb2 Bxd5
37.Nd4 e6 38.g4 Kf7 39.a4 Bc6 40.Nxc6 bxc6 41.g5 c5 42.Kg2 c4 43.Kf1 Bb4
44.Ke2 Kg6 45.Bc1 Kh5 46.Kf3 Kh4 47.Kg2 Bc3 48.Be3 e5 49.fxe5 Bxe5 50.Kf3 c3
51.Ke2 f4 52.Bb6 f3+ 53.Kd3 Kh3  0-1

[Event "13th European Seniors"]
[Site "Plovdiv BUL"]
[Date "2013.03.14"]
[Round "4"]
[White "Iliushkin,E"]
[Black "Tseitlin,Ma"]
[Result "0-1"]
[WhiteElo "2304"]
[BlackElo "2380"]

1.d4 Nf6 2.c4 g6 3.Nc3 d5 4.cxd5 Nxd5 5.e4 Nxc3 6.bxc3 Bg7 7.Be3 O-O 8.Qd2 c5
9.Nf3 Qa5 10.Rc1 Nc6 11.d5 Rd8 12.Qb2 Ne5 13.Nxe5 Bxe5 14.Bc4 Bd7 15.Be2 e6
16.O-O exd5 17.exd5 Qc7 18.h3 b5 19.Bf3 Rac8 20.Qd2 Qd6 21.Rfe1 Re8 22.Rb1 a5
23.a3 Qf6 24.Rec1 Bd6 25.Bg4 Bxg4 26.hxg4 Re4 27.Bg5 Qe5 28.f4 Qe8 29.Re1 c4
30.Rxe4 Qxe4 31.Rxb5 f6 32.Bh6 g5 33.fxg5 Bf4 34.Qd1 Qe3+ 35.Kf1 Bh2 36.Rb1 Qg1+
37.Ke2 Re8+  0-1

[Event "116th YMCA Winter"]
[Site "Warsaw POL"]
[Date "2013.03.14"]
[Round "10"]
[White "Choroszej,A"]
[Black "Zaczek,J"]
[Result "1-0"]
[WhiteElo "2097"]
[BlackElo "2100"]

1.d4 Nf6 2.c4 g6 3.Nc3 d5 4.cxd5 Nxd5 5.e4 Nxc3 6.bxc3 Bg7 7.Nf3 c5 8.Rb1 O-O
9.Be2 cxd4 10.cxd4 Nd7 11.O-O Nf6 12.Bd3 b6 13.Qe2 Bb7 14.Rd1 Rc8 15.Bb2 Qc7
16.d5 Nd7 17.Bxg7 Kxg7 18.Qe3 Qc3 19.Rb3 Qc5 20.Nd4 Ne5 21.Be2 Nc4 22.Qg5 Nd6
23.Rh3 h5 24.Rxh5 Rh8 25.Qe5+  1-0

[Event "Karpos Open 2013"]
[Site "Skopje MKD"]
[Date "2013.03.15"]
[Round "8.27"]
[White "Posedaru,B"]
[Black "Stella,A"]
[Result "1/2-1/2"]
[WhiteElo "2337"]
[BlackElo "2477"]

1.d4 Nf6 2.c4 g6 3.Nc3 d5 4.cxd5 Nxd5 5.e4 Nxc3 6.bxc3 Bg7 7.Bb5+ c6 8.Ba4 O-O
9.Ne2 b5 10.Bb3 a5 11.O-O Nd7 12.Rb1 a4 13.Bc2 Nb6 14.Bd3 Be6 15.Qc2 Bc4
16.Ba3 Bxd3 17.Qxd3 Nc4 18.Bc5 Qd7 19.f4 f5 20.Ng3 fxe4 21.Nxe4 Bh6 22.g3 Rf5
23.Rbe1 Re8  1/2-1/2

[Event "TCh-SWE Elite 2012-13"]
[Site "Sweden SWE"]
[Date "2013.03.15"]
[Round "7"]
[White "Janse,R"]
[Black "Dragicevic,Draz"]
[Result "1/2-1/2"]
[WhiteElo "2200"]
[BlackElo "2306"]

1.d4 Nf6 2.c4 g6 3.Nc3 d5 4.cxd5 Nxd5 5.e4 Nxc3 6.bxc3 Bg7 7.Bc4 c5 8.Ne2 Nc6
9.Be3 O-O 10.O-O Bd7 11.Qd2 Qa5 12.Rfd1 b5 13.Bd3 cxd4 14.cxd4 Qxd2 15.Rxd2 Nb4
16.Bb1 Rac8 17.a3 Nc6 18.Bd3 Na5 19.Rdd1 Nc4 20.Bxc4 Rxc4 21.Rac1 Rfc8 22.Rxc4 Rxc4
23.Rc1 Rxc1+ 24.Nxc1 e6 25.Nb3 Bc6 26.Nc5 Bf8 27.f3 Be7 28.Kf2 h5 29.Bf4 f6
30.Ke2 e5 31.Be3 exd4 32.Bxd4 Kf7 33.g3 a5 34.Kd3 f5 35.Be3 Bd6 36.Kd4 Bf8
37.Bd2 Bg7+ 38.e5 Bxf3 39.Bxa5 g5 40.Bd2 Kg6 41.Ne6 f4 42.gxf4 gxf4 43.Bxf4 Bh8
44.Ke3 Bd5 45.Nc7 Bc6 46.e6 Bc3 47.Bd6 Kf6 48.e7 Kf7 49.Kf4 Bf6 50.e8=Q+ Bxe8
51.Nxe8 Kxe8 52.Ke4 Kd7 53.Kd5 Bg5 54.h3 Be3 55.Bc5 Bc1 56.Bb4 Be3 57.Ke4 Bg5
58.Kf5 Bd8 59.Be1 Be7 60.Bb4 Bd8 61.Kg6 h4 62.Kf5 Kc6 63.Ke6 Bg5 64.Ke5  1/2-1/2

[Event "TCh-CAT Div Hon 2013"]
[Site "Catalonia ESP"]
[Date "2013.03.16"]
[Round "9.7"]
[White "Garcia,Rau"]
[Black "Subirats Ruiz,S"]
[Result "1-0"]
[WhiteElo "2200"]
[BlackElo "2163"]

1.d4 Nf6 2.c4 g6 3.Nc3 d5 4.cxd5 Nxd5 5.e4 Nxc3 6.bxc3 Bg7 7.Qa4+ Nc6 8.Nf3 O-O
9.Be2 Bd7 10.Qa3 e5 11.d5 Ne7 12.O-O Nc8 13.Bg5 f6 14.Bh4 Qe8 15.Nd2 Nd6
16.f3 Bb5 17.c4 Ba6 18.Bf2 f5 19.Rab1 Qd8 20.exf5 gxf5 21.Rfe1 e4 22.c5 Bxe2
23.Rxe2 exf3 24.Qxf3 Ne8 25.Rxb7 Nf6 26.d6 Re8 27.Rxc7 Rb8 28.Bd4 Rb4 29.Bxf6 Bxf6
30.Qh5 Re7 31.Rexe7 Bxe7 32.Rxe7  1-0

[Event "86th ch-St Petersburg"]
[Site "St Petersburg RUS"]
[Date "2013.03.16"]
[Round "6.1"]
[White "Martynov,P2"]
[Black "Bazeev,G"]
[Result "0-1"]
[WhiteElo "2339"]
[BlackElo "2339"]

1.d4 Nf6 2.c4 g6 3.Nc3 d5 4.cxd5 Nxd5 5.e4 Nxc3 6.bxc3 Bg7 7.Qa4+ Nd7 8.Nf3 O-O
9.Be3 c5 10.Rc1 a6 11.Qa3 e5 12.d5 b6 13.Be2 f5 14.c4 f4 15.Bd2 g5 16.h3 h6
17.g4 fxg3 18.fxg3 Nf6 19.Qe3 Qe8 20.Bc3 Ra7 21.Rb1 Nxe4 22.Nd2 Nxc3 23.Qxc3 e4
24.Qa3 Qe5 25.Qe3 Qd4 26.Qxd4 cxd4 27.Rxb6 d3 28.Bg4 Bxg4 29.hxg4 e3 30.Ne4 Re7
31.Re6 Rxe6 32.dxe6 Rb8 33.O-O d2 34.e7 e2  0-1

[Event "TCh-CZE Div1 Zapad 2012-13"]
[Site "Czech Republic CZE"]
[Date "2013.03.17"]
[Round "9.8"]
[White "Vodicka,Vlas"]
[Black "Postupa,P2"]
[Result "0-1"]
[WhiteElo "2124"]
[BlackElo "2146"]

1.d4 Nf6 2.c4 g6 3.Nc3 d5 4.cxd5 Nxd5 5.e4 Nxc3 6.bxc3 Bg7 7.Bc4 c5 8.Be3 Nc6
9.Ne2 O-O 10.O-O Qc7 11.Rc1 Rd8 12.h3 a6 13.f4 b5 14.Bd3 Qa5 15.Bb1 Bb7 16.f5 Ne5
17.fxg6 hxg6 18.Kh1 Rd7 19.Nf4 Nc4 20.Bg1 e5 21.Nd5 Bxd5 22.exd5 cxd4 23.cxd4 Rad8
24.Rxf7 Rxf7 25.Bxg6 Rf6 26.Qh5 Qd2 27.Qh7+ Kf8 28.Rxc4 bxc4 29.dxe5 Rf1
30.Qh4 Qxd5  0-1

[Event "30th Ciocaltea Mem 2013"]
[Site "Bucharest ROU"]
[Date "2013.03.19"]
[Round "5.3"]
[White "Georgescu,T"]
[Black "Shishkin,Va UKR"]
[Result "0-1"]
[WhiteElo "2367"]
[BlackElo "2488"]

1.d4 Nf6 2.c4 g6 3.Nc3 d5 4.cxd5 Nxd5 5.e4 Nxc3 6.bxc3 Bg7 7.Be3 c5 8.Nf3 Qa5
9.Qd2 Nc6 10.Rb1 a6 11.Rc1 cxd4 12.cxd4 Qxd2+ 13.Kxd2 f5 14.e5 e6 15.Bc4 Na5
16.Bd3 O-O 17.Ke2 Nc6 18.Bd2 Rd8 19.Rc4 Bd7 20.Rhc1 h6 21.h4 Bf8 22.g3 Be8
23.Ke3 Ne7 24.Ke2 Nd5 25.Rb1 b5 26.Rc2 b4 27.Bc4 a5 28.Ne1 Kf7 29.Bxd5 Rxd5
30.Rc7+ Rd7 31.Rbc1 Ra7 32.Rxa7 Rxa7 33.Nd3 Bb5 34.Ke3 g5 35.hxg5 hxg5 36.Rc8 Be7
37.f3 Ra6 38.Nc5 Rc6 39.Ra8 Rxc5 40.Bxb4 Rc7 41.Rxa5 Bc4 42.Bc5 Bd5  0-1

[Event "3rd HD Bank Cup 2013"]
[Site "Ho Chi Minh City VIE"]
[Date "2013.03.19"]
[Round "1.39"]
[White "Yang Kaiqi"]
[Black "Nguyen,Anh Khoi"]
[Result "1-0"]
[WhiteElo "2373"]
[BlackElo "1995"]

1.d4 Nf6 2.c4 g6 3.Nc3 d5 4.cxd5 Nxd5 5.e4 Nxc3 6.bxc3 Bg7 7.Nf3 c5 8.Rb1 O-O
9.Be2 Nc6 10.d5 Ne5 11.Nxe5 Bxe5 12.Rb3 Qc7 13.Qd2 Bd7 14.f4 Bg7 15.c4 a6
16.O-O b5 17.Bb2 Bxb2 18.Qxb2 e6 19.dxe6 Bxe6 20.f5 Bxc4 21.Bxc4 bxc4 22.Rh3 Qd6
23.Qc1 Qd4+ 24.Kh1 Rfd8 25.f6 Rd6 26.e5 Qxe5 27.Qh6 Rxf6 28.Rg1 Rd8 29.Qxh7+ Kf8
30.Qh6+ Ke7 31.Re3 Re6 32.Rxe5 Rxe5 33.Qh4+ g5 34.Qxc4 Rd6 35.h3 Rde6 36.Rb1 Kf6
37.Rb7 Rf5 38.Ra7 Rf4 39.Qxc5 Kg6 40.Qa5 Rff6 41.Ra8 Kh6 42.Rg8 Rg6 43.Rh8+ Kg7
44.Qd8  1-0

[Event "30th Ciocaltea Mem 2013"]
[Site "Bucharest ROU"]
[Date "2013.03.20"]
[Round "6.5"]
[White "Ionescu,Co"]
[Black "Georgescu,T"]
[Result "1/2-1/2"]
[WhiteElo "2441"]
[BlackElo "2367"]

1.d4 Nf6 2.c4 g6 3.Nc3 d5 4.cxd5 Nxd5 5.e4 Nxc3 6.bxc3 Bg7 7.Bc4 c5 8.Ne2 O-O
9.Be3 Nc6 10.Rc1 cxd4 11.cxd4 Qa5+ 12.Kf1 Qa3 13.Qb3 Qd6 14.e5 Qd8 15.Qa3 Bf5
16.f3 Na5  1/2-1/2

[Event "3rd HD Bank Cup 2013"]
[Site "Ho Chi Minh City VIE"]
[Date "2013.03.20"]
[Round "3.52"]
[White "Ton,N"]
[Black "Kuich,Gero"]
[Result "1-0"]
[WhiteElo "1982"]
[BlackElo "1808"]

1.d4 Nf6 2.c4 g6 3.Nc3 d5 4.cxd5 Nxd5 5.e4 Nxc3 6.bxc3 Bg7 7.Bb5+ Bd7 8.Bxd7+ Nxd7
9.Rb1 Rb8 10.Nf3 c5 11.Bf4 Rc8 12.Rxb7 Qa5 13.O-O Qxa2 14.Qa1 Qe6 15.Ng5 Qc6
16.Qxa7 cxd4 17.cxd4 f6 18.d5 Qc5 19.Ne6 Qxa7 20.Nxg7+ Kf7 21.Rxa7 Nc5 22.d6 Kxg7
23.Rxe7+ Kf8 24.Bh6+  1-0

[Event "3rd HD Bank Cup 2013"]
[Site "Ho Chi Minh City VIE"]
[Date "2013.03.22"]
[Round "6.12"]
[White "Li Shilong"]
[Black "Nguyen Van Hai"]
[Result "1-0"]
[WhiteElo "2559"]
[BlackElo "2339"]

1.d4 Nf6 2.c4 g6 3.Nc3 d5 4.cxd5 Nxd5 5.e4 Nxc3 6.bxc3 Bg7 7.Nf3 c5 8.Rb1 O-O
9.Be2 Nc6 10.d5 Ne5 11.Nxe5 Bxe5 12.Qd2 e6 13.f4 Bc7 14.O-O exd5 15.exd5 Ba5
16.d6 b6 17.Bf3 Bf5 18.Bxa8 Bxb1 19.Bd5 Bf5 20.Bb2 Re8 21.h3 b5 22.Re1 Rxe1+
23.Qxe1 c4 24.Qe5 Bd7 25.Kh2 Qh4 26.Bc1 Bd8 27.Be3 Bf6 28.Qe4 Qe1 29.Bxa7 Qxe4
30.Bxe4 Bxc3 31.Bc5 Kf8 32.g4 Ke8 33.Kg3 f5 34.Bd5 Be1+ 35.Kf3 fxg4+ 36.hxg4 h5
37.gxh5 gxh5 38.Ke4 h4 39.f5 h3 40.f6 h2 41.Ke3 Bc3 42.f7+ Kf8 43.Kf2 Bf6
44.Kg2 c3 45.Be3 c2 46.Bh6+ Bg7 47.Bg5 Bf6 48.Bh6+ Bg7 49.Bc1 Be5 50.Kh1 b4
51.Kg2 Bf5 52.Bh6+ Bg7 53.Bf4 Be5 54.Bc1 Bg4 55.Bh6+ Bg7 56.Be3 Bd4 57.Bd2 Bc3
58.Bh6+ Bg7 59.Bc1 Be5 60.a4 b3 61.d7 b2  1-0

[Event "3rd HD Bank Cup 2013"]
[Site "Ho Chi Minh City VIE"]
[Date "2013.03.23"]
[Round "7.12"]
[White "Dao Thien Hai"]
[Black "Lou Yiping"]
[Result "1/2-1/2"]
[WhiteElo "2521"]
[BlackElo "2475"]

1.d4 Nf6 2.c4 g6 3.Nc3 d5 4.cxd5 Nxd5 5.e4 Nxc3 6.bxc3 Bg7 7.Nf3 c5 8.Rb1 O-O
9.Be3 Nc6 10.Qd2 cxd4 11.cxd4 Bg4 12.d5 Bxf3 13.gxf3 Ne5 14.Be2 Qc8 15.O-O Qh3
16.Rxb7 Nxf3+ 17.Bxf3 Qxf3 18.Bf4 Bh6 19.Bxh6 Qg4+ 20.Kh1 Qf3+ 21.Kg1 Qg4+
22.Kh1 Qf3+  1/2-1/2

[Event "TCh-AUT 2012-13"]
[Site "St.Veit AUT"]
[Date "2013.03.23"]
[Round "10.1"]
[White "Shengelia,D"]
[Black "Erdos,V"]
[Result "1/2-1/2"]
[WhiteElo "2529"]
[BlackElo "2640"]

1.d4 Nf6 2.c4 g6 3.Nc3 d5 4.cxd5 Nxd5 5.e4 Nxc3 6.bxc3 Bg7 7.Qa4+ Qd7 8.Qxd7+ Nxd7
9.Nf3 b6 10.Be3 Bb7 11.e5 e6 12.h4 f6 13.exf6 Nxf6 14.Ne5 O-O 15.f3 c5 16.Bc4 Bd5
17.Ba6 Rad8 18.O-O cxd4 19.Bxd4 Nd7 20.Rfe1 Rf4 21.Rad1 Nxe5 22.Bxe5 Bxe5
23.Rxe5 Rdf8 24.c4 Bxc4 25.g3 Bxa6 26.gxf4 Bc4 27.a3 Bd5 28.f5 gxf5 29.Rc1 b5
30.Rc5 Rb8 31.Kf2 Kf7 32.Re1 a5 33.Rc7+ Kf6 34.Rxh7 b4 35.axb4 Rxb4 36.h5 Rb3
37.Re3 Rb2+ 38.Re2 Rb3 39.Re3 Rb2+ 40.Kg1 Kg5 41.h6 Rb1+ 42.Kf2 Rb2+ 43.Kg1 Rb1+
44.Kf2 Rb2+ 45.Kg1  1/2-1/2

[Event "Norwegian Open 2013"]
[Site "Fagernes NOR"]
[Date "2013.03.24"]
[Round "5"]
[White "Lie,Es"]
[Black "Getz,N"]
[Result "0-1"]
[WhiteElo "2471"]
[BlackElo "2352"]

1.d4 Nf6 2.c4 g6 3.Nc3 d5 4.cxd5 Nxd5 5.e4 Nxc3 6.bxc3 Bg7 7.Bc4 c5 8.Ne2 Nc6
9.Be3 O-O 10.O-O Qc7 11.Rb1 b6 12.Bf4 e5 13.Bg3 Bb7 14.d5 Na5 15.Bd3 c4 16.Bc2 Qc5
17.Kh1 f5 18.f3 fxe4 19.fxe4 Qa3 20.Ra1 Ba6 21.Rxf8+ Rxf8 22.Qc1 Qxc1+ 23.Rxc1 Nb7
24.Ng1 Nd6 25.Nf3 Re8 26.a4 Bc8 27.Rb1 Bd7 28.Kg1 Nb7 29.Nd2 Na5 30.Kf1 Bf8
31.Ke2 Bd6 32.h3 Kg7 33.Bh2 Bc8 34.Nf3 Ba6 35.Kd2 Nb7 36.Ng5 h6 37.Ne6+ Kf7
38.h4 Na5 39.Rf1+ Ke7 40.h5 Rg8 41.hxg6 Rxg6 42.Rf2 Nb3+ 43.Kd1 Bc8 44.Ke1 Bxe6
45.dxe6 Bc5  0-1

[Event "ch-Moscow 2013"]
[Site "Moscow RUS"]
[Date "2013.03.24"]
[Round "3.2"]
[White "Paravyan,D"]
[Black "Eliseev,U"]
[Result "0-1"]
[WhiteElo "2330"]
[BlackElo "2541"]

1.d4 Nf6 2.c4 g6 3.Nc3 d5 4.cxd5 Nxd5 5.e4 Nxc3 6.bxc3 Bg7 7.Nf3 c5 8.Be3 Qa5
9.Qd2 O-O 10.Rc1 Rd8 11.Bh6 cxd4 12.Bxg7 Kxg7 13.cxd4 Nc6 14.Qxa5 Nxa5 15.Kd2 Be6
16.Ke3 Rdc8 17.Rxc8 Rxc8 18.d5 Bd7 19.Bd3 f6 20.h4 e6 21.Nd2 Rc3 22.Nb1 Rc5
23.Kd4 b6 24.Nd2 e5+ 25.Ke3 f5 26.f3 Rc3 27.Nb1 Rc5 28.Nd2 h6 29.g3 fxe4
30.fxe4 Rc3 31.Rb1 a6 32.Rd1 Ra3 33.Nb1 Nc4+ 34.Kf3 Ba4 35.Kf2 Rxa2+ 36.Ke1 Bxd1
37.Bxc4 Ra1 38.Bd3 Ba4 39.Kd2 Ra2+ 40.Kc3  0-1

[Event "ch-Moscow 2013"]
[Site "Moscow RUS"]
[Date "2013.03.25"]
[Round "4.3"]
[White "Naumkin,I"]
[Black "Vorobiov,E"]
[Result "1/2-1/2"]
[WhiteElo "2490"]
[BlackElo "2578"]

1.d4 Nf6 2.c4 g6 3.Nc3 d5 4.cxd5 Nxd5 5.e4 Nxc3 6.bxc3 Bg7 7.Bc4 c5 8.Ne2 Nc6
9.Be3 O-O 10.O-O Bg4 11.f3 Bd7 12.Rc1 Rc8 13.d5 Ne5 14.Bb3 Qa5 15.h3 Qa6
16.c4 b5 17.f4 bxc4 18.fxe5 cxb3 19.axb3 Bxe5 20.Rxc5 Bb5 21.Re1 Bd3 22.Rxc8 Rxc8
23.Nd4 Bg3 24.Bf2 Bxf2+ 25.Kxf2 Qf6+ 26.Nf3 Rc2+ 27.Ke3 Qb2 28.Qxd3 Rc3 29.Nd2 Qc2
30.Qxc3 Qxc3+ 31.Ke2 Qg3 32.Kf1 Qd3+ 33.Re2 f5 34.Ke1 fxe4 35.Rxe4 Kf7 36.Rf4+ Ke8
37.Rf3 Qxd5 38.Nc4 a5 39.Nd2 h5 40.h4 Qe5+ 41.Kd1 Qa1+ 42.Ke2 Qe5+ 43.Kd1 g5
44.hxg5 h4 45.Rf2 Qxg5 46.Ke1 Qg3 47.Kf1 Qe3 48.Re2 Qd3 49.Ke1 Kf7 50.Rf2+ Kg6
51.Rf3 Qd4 52.Ke2 Qg1 53.Rf2 Qh2 54.Kf1 e6 55.Ke2 Qe5+ 56.Kf1 Kh5 57.Re2 Qa1+
58.Kf2 Qd4+ 59.Kf1 Qd5 60.Kf2 Kg4 61.Re4+ Kf5 62.Re2 Qd4+ 63.Kf1 Kf4 64.Rf2+ Kg3
65.Rf3+ Kg4 66.Rf2 Qa1+ 67.Ke2 e5 68.Rf3 Qc1 69.Rf2 Qc6 70.Ke3 Qd5 71.Rf3 Qd7
72.Ke2 Qb5+ 73.Ke3 Qa6 74.Kf2 Qb6+ 75.Ke2 Qg1 76.Rf2 Qc1 77.Rf3 Qa1 78.Rf2 Qb2
79.Rf3 Qc2 80.Ke3 Qd1 81.Rf1 Qc2 82.Rf3 Qc5+ 83.Ke2 Qd4 84.Re3 Kf5 85.Rf3+ Ke6
86.Re3 Qg4+ 87.Kf2 Kd5 88.Rd3+ Kc5 89.Rc3+ Kd5 90.Rd3+ Ke6 91.Re3 Qf5+ 92.Ke2 Kd5
93.Rd3+ Kc5 94.Rc3+ Kb5 95.Re3 Qg4+ 96.Kf2 Qf4+ 97.Ke2 Qh2 98.Kf2 Kb4 99.Re4+ Kc3
100.Nf1 Qh1 101.Re3+ Kb2 102.Rxe5 h3 103.gxh3 Qxh3 104.Re2+ Kxb3 105.Re3+ Qxe3+
106.Nxe3 a4 107.Ke2  1/2-1/2

[Event "O2C Doeberl Cup Premier 2013"]
[Site "Canberra AUS"]
[Date "2013.03.29"]
[Round "4.3"]
[White "Li Chao2"]
[Black "Li,Zuhao Luke"]
[Result "1-0"]
[WhiteElo "2686"]
[BlackElo "2285"]

1.d4 Nf6 2.c4 g6 3.Nc3 d5 4.cxd5 Nxd5 5.e4 Nxc3 6.bxc3 Bg7 7.Nf3 c5 8.Rb1 O-O
9.Be2 Nc6 10.d5 Ne5 11.Nxe5 Bxe5 12.Qd2 e6 13.f4 Bc7 14.O-O exd5 15.exd5 Ba5
16.d6 Rb8 17.Rb5 Bd7 18.f5 Bxb5 19.Bxb5 c4 20.Bxc4 Qb6+ 21.Kh1 Qc5 22.Qf4 Qxf5
23.Qd4 Bb6 24.Qh4 Qe5 25.Qe7 Qxc3 26.Bxf7+ Kh8 27.Bh6 Rfd8 28.Bf4 Bd4 29.d7 Bf6
30.Bd2 Qe5 31.Qxf6+ Qxf6 32.Rxf6 Rxd7 33.Bc3 Kg7 34.Rd6+ Kxf7 35.Rxd7+ Ke6
36.Rxh7 Rc8 37.Bd4  1-0

[Event "VII New Open"]
[Site "Lugano SUI"]
[Date "2013.03.29"]
[Round "1.6"]
[White "Medici,Simone"]
[Black "Dragojlovic,A"]
[Result "0-1"]
[WhiteElo "2099"]
[BlackElo "2372"]

1.d4 g6 2.c4 Nf6 3.Nc3 d5 4.cxd5 Nxd5 5.e4 Nxc3 6.bxc3 Bg7 7.Bc4 c5 8.Ne2 Nc6
9.Be3 O-O 10.O-O Qc7 11.Rc1 Rd8 12.f3 Na5 13.Bd3 e6 14.Qe1 Bd7 15.Qh4 Rac8
16.Bg5 Re8 17.e5 Bc6 18.Ng3 b5 19.Be4 Bd5 20.Bh6 Qe7 21.Bg5 Qf8 22.f4 cxd4
23.Bxd5 exd5 24.cxd4 Rxc1 25.Rxc1 h6 26.Bf6 Qa3 27.Ra1 Qc3 28.Rd1 Qe3+ 29.Kh1 Bxf6
30.Qxf6 Rc8 31.f5 Qg5  0-1

[Event "Mexico International Open"]
[Site "Puebla MEX"]
[Date "2013.03.29"]
[Round "5.3"]
[White "Rojas Alarcon,J"]
[Black "Moradiabadi,E"]
[Result "1/2-1/2"]
[WhiteElo "2321"]
[BlackElo "2565"]

1.d4 Nf6 2.c4 g6 3.Nc3 d5 4.cxd5 Nxd5 5.e4 Nxc3 6.bxc3 Bg7 7.Qa4+ Nd7 8.Nf3 O-O
9.Bg5 c5 10.Be2 h6 11.Be3 Nf6 12.Nd2 cxd4 13.cxd4 Ng4 14.Bxg4 Bxg4 15.O-O Qd7
16.Rfc1 Rfc8 17.Nb3 b6 18.Rxc8+ Rxc8 19.Rc1 Kf8 20.Rxc8+  1/2-1/2

[Event "O2C Doeberl Cup Premier 2013"]
[Site "Canberra AUS"]
[Date "2013.03.30"]
[Round "5.7"]
[White "Solomon,SJ"]
[Black "Stojic,D"]
[Result "1-0"]
[WhiteElo "2390"]
[BlackElo "2228"]

1.d4 Nf6 2.c4 g6 3.Nc3 d5 4.cxd5 Nxd5 5.e4 Nxc3 6.bxc3 Bg7 7.Nf3 c5 8.Rb1 O-O
9.Be2 Qa5 10.O-O Qxc3 11.d5 Qa5 12.Bg5 Qc7 13.Qd2 b6 14.Bf4 Qd8 15.Rfd1 Ba6
16.Bxa6 Nxa6 17.Bh6 Nc7 18.h4 f6 19.Bxg7 Kxg7 20.Qc3 Qd7 21.Rd3 Rad8 22.Rbd1 Nb5
23.Qc1 Qg4 24.Qb2 c4 25.Re3 Qd7 26.a4 Nc7 27.Qb4 e5 28.Qxc4 Ne8 29.Rc1 Nd6
30.Qb4 Rc8 31.Rec3 Rxc3 32.Rxc3 Rc8 33.Rxc8 Nxc8 34.g3 Qc7 35.Ne1 Nd6 36.Nd3 a5
37.Qb3 Nxe4 38.Kg2 Nd2 39.Qb2 Ne4 40.f3 Nd6 41.g4 e4 42.Nf4 exf3+ 43.Kxf3 Qc4
44.Qxb6 Qe4+ 45.Kg3 Qe1+ 46.Kf3 Qd1+ 47.Ne2 Qxd5+ 48.Kf2 Nf7 49.Nd4 Nd6 50.Qc7+ Kh6
51.Qc1+ g5 52.Qe3 Ne4+ 53.Kg1 Kg7 54.h5 Kf7 55.Qd3 f5 56.gxf5 Nd6 57.Kf2 Qa2+
58.Ne2 Ke7 59.Qe3+ Kd7 60.Qa7+ Kc6 61.Qxa5 Qc2 62.f6 Qc5+ 63.Qxc5+ Kxc5 64.Nc3 Kb4
65.Kf3 h6 66.Kg4 Kc4 67.Nb5 Nf7 68.Kf5 Kd3 69.a5 g4 70.Kxg4 Ke4 71.a6  1-0

[Event "ch-WLS 2013"]
[Site "Cardiff WLS"]
[Date "2013.03.30"]
[Round "3.10"]
[White "Kostanjsek,Luke"]
[Black "Kirby,Pe"]
[Result "1-0"]
[WhiteElo "1881"]
[BlackElo "2007"]

1.d4 Nf6 2.c4 g6 3.Nc3 d5 4.cxd5 Nxd5 5.e4 Nxc3 6.bxc3 Bg7 7.Nf3 c5 8.Rb1 O-O
9.Be2 b6 10.O-O Bb7 11.d5 Bxc3 12.Bb2 Bxb2 13.Rxb2 e6 14.dxe6 Qxd1 15.exf7+ Rxf7
16.Rxd1 Rd7 17.Bc4+ Kf8 18.Bd5 Nc6 19.Rdd2 h6 20.h3 Rad8 21.Kf1 Ke7 22.Ke2 Rd6
23.Ke3 Na5 24.Bxb7 Nxb7 25.e5 Rxd2 26.Rxd2 Rxd2 27.Nxd2 Na5 28.Nb3 Nc4+ 29.Ke4 Ke6
30.f4 Na3 31.g4 c4 32.f5+ gxf5+ 33.gxf5+ Kf7 34.Nd4 b5 35.e6+ Ke8 36.f6 c3
37.f7+ Ke7 38.Kf5 c2 39.Nc6+ Kf8 40.Kf6  1-0

[Event "LVIII ch-Catarinense 2013"]
[Site "Florianopolis BRA"]
[Date "2013.03.30"]
[Round "5.3"]
[White "Feliciano,V"]
[Black "Molina,Rob"]
[Result "1/2-1/2"]
[WhiteElo "2233"]
[BlackElo "2414"]

1.d4 Nf6 2.c4 g6 3.Nc3 d5 4.cxd5 Nxd5 5.e4 Nxc3 6.bxc3 Bg7 7.Nf3 c5 8.Rb1 O-O
9.Be2 cxd4 10.cxd4 Qa5+ 11.Bd2 Qxa2 12.O-O Bg4 13.Bg5 h6 14.Be3 Nc6 15.Rxb7 Rab8
16.Rxb8 Rxb8 17.h3 Bd7 18.d5 Nb4 19.Nd4 Qb2 20.Bc4 Rc8 21.Bb5 Bxb5 22.Nxb5 a6
23.Bd4 Bxd4 24.Nxd4 Rc4 25.Nc6 Rxe4 26.Qf3 Qc2 27.Nd8 f5 28.Qg3 Kh7 29.d6 Nc6
30.dxe7 Nxe7 31.Qd6 Qc4 32.Rd1 Kg7 33.Qb6 Qb4 34.Qxa6 Re1+ 35.Rxe1 Qxe1+
36.Qf1 Qxf1+  1/2-1/2

[Event "7th Philadelphia Open"]
[Site "Philadelphia USA"]
[Date "2013.03.30"]
[Round "7"]
[White "Cheng,Bi"]
[Black "Chandra,Akshat"]
[Result "1-0"]
[WhiteElo "2409"]
[BlackElo "2265"]

1.d4 Nf6 2.c4 g6 3.Nc3 d5 4.cxd5 Nxd5 5.e4 Nxc3 6.bxc3 Bg7 7.Be3 c5 8.Rc1 Qa5
9.Qb3 O-O 10.d5 e6 11.Nf3 exd5 12.exd5 Nd7 13.Be2 Qc7 14.O-O Ne5 15.c4 Nxf3+
16.Bxf3 Be5 17.g3 Bd6 18.Rfe1 Bd7 19.Re2 Rfe8 20.Rce1 f6 21.Qa3 a6 22.Bd2 Rxe2
23.Rxe2 Re8 24.Ba5 Qc8 25.Bc3 Rxe2 26.Bxe2 Qe8 27.Bf1 f5 28.Ba1 Be5 29.Bxe5 Qxe5
30.Qxc5 f4 31.Qb6 fxg3 32.hxg3 Qe1 33.Qd8+ Qe8 34.Qxe8+ Bxe8 35.Bh3 Kf7 36.Bc8 b6
37.Bxa6 Ke7 38.f4 Kd6 39.Kf2 Kc5 40.Ke3 Bd7 41.Ke4 Kd6 42.Kd4 Ba4 43.Bb5 Bd1
44.a4  1-0

[Event "7th Philadelphia Open"]
[Site "Philadelphia USA"]
[Date "2013.03.31"]
[Round "8"]
[White "Rizzitano,J"]
[Black "Balakrishnan,Praveen"]
[Result "0-1"]
[WhiteElo "2322"]
[BlackElo "2075"]

1.d4 Nf6 2.c4 g6 3.Nc3 d5 4.cxd5 Nxd5 5.e4 Nxc3 6.bxc3 Bg7 7.Qa4+ Bd7 8.Qb3 O-O
9.Ba3 b6 10.Nf3 c5 11.Be2 Nc6 12.Rd1 Na5 13.Qb1 Ba4 14.Rd2 Bh6 15.Rb2 cxd4
16.Rb4 b5 17.Nxd4 Rc8 18.O-O a6 19.Qd3 Qc7 20.Bc1 Bg7 21.Bd2 Nc4 22.Be1 e5
23.Nf3 Rfd8 24.Qb1 Bf8 25.Rb3 Bxb3 26.axb3 Nb6 27.Qa2 Ra8 28.h4 Nd7 29.Qc2 b4
30.Qb2 Qb7 31.cxb4 Qxe4 32.Bc4 h6 33.Bc3 Bg7 34.Re1 Qg4 35.Bd5 Rac8 36.Bb7 Rb8
37.Bxa6 Kh7 38.Bc4 f6 39.Qe2 h5 40.b5 Nb6 41.Ba5 Rd7 42.Bxb6 Rxb6 43.Qc2 Rbd6
44.Re4 Qf5 45.Qe2 Bh6 46.Kh2 Ra7 47.Qe1 Ra2 48.Kg1 Qd7 49.Be2 Rb2 50.Qc3 Rb1+
51.Kh2 Qa7 52.Ra4 Bf4+ 53.Rxf4 exf4 54.Qb4 Re6 55.Bd3 Rd1 56.Bc2 Rc1 57.Qd2 Qa1
58.Qxf4 Rxc2 59.Ng5+ fxg5 60.Qf7+ Qg7 61.Qxe6 Qc7+  0-1